000 00376 a2200169 4500
001 172916
020 _a85-7153-037-8
040 _cMagnum
100 _aAraújo, Márcia Corrêa de
240 1 0 _aUm zoológico às avessas
_lpor
245 1 0 _aUm zoológico às avessas
300 _a12
362 0 _a1991
440 1 _aRHJ
697 _aLITERATURA INFANTO
942 _cBK
999 _c172916
_d172916